书目信息 |
| 题名: |
暴雨·灾害
|
|
| 作者: | ;武汉区域气象中心 编 | |
| 分册: | ||
| 出版信息: | 北京 气象出版社 2006 |
|
| 页数: | 102页 | |
| 开本: | 26cm | |
| 丛书名: | ||
| 单 册: | ||
| 中图分类: | P426.62-53 | |
| 科图分类: | ||
| 主题词: | 暴雨--文集 , 自然灾害--文集 | |
| 电子资源: | ||
| ISBN: | 7-5029-4121-5 | |
| 000 | 00877nam0 2200241 450 | |
| 001 | 1556074269 | |
| 005 | 20150207153436.15 | |
| 010 | @a7-5029-4121-5@dCNY20.00 | |
| 100 | @a20060426d2006 em y0chiy50 ea | |
| 101 | 0 | @achi@deng@eeng |
| 102 | @aCN@b110000 | |
| 105 | @aa z 000yy | |
| 200 | 1 | @a暴雨·灾害@9bao yu · zai hai@f武汉区域气象中心编 |
| 210 | @a北京@c气象出版社@d2006 | |
| 215 | @a102页@c图@d26cm | |
| 312 | @a封面英文共同题名:Torrential rain·Disaster | |
| 330 | @a本书收录的反映暴雨科学和灾害研究的理论性文章有:“0509号台风登陆造成浙北特大暴雨的诊断分析”、“2004年湖北省一次暴雨过程特性分析”、“丽水地区一次致洪暴雨天气过程分析”等。 | |
| 606 | 0 | @a暴雨@j文集 |
| 606 | 0 | @a自然灾害@j文集 |
| 690 | @aP426.62-53@v5 | |
| 711 | 02 | @a武汉区域气象中心@9wu han qu yu qi xiang zhong xin@4编 |
| 801 | 0 | @aCN@bTSSF@c20150207 |
| 905 | @aZUCC@dP426.62-53@eJY45 | |
| 暴雨·灾害/武汉区域气象中心编.-北京:气象出版社,2006 |
| 102页:图;26cm |
| ISBN 7-5029-4121-5:CNY20.00 |
| 本书收录的反映暴雨科学和灾害研究的理论性文章有:“0509号台风登陆造成浙北特大暴雨的诊断分析”、“2004年湖北省一次暴雨过程特性分析”、“丽水地区一次致洪暴雨天气过程分析”等。 |
| ● |
| 相关链接 |
|
|
|
|
正题名:暴雨·灾害
索取号:P426.62-53/JY45
 
预约/预借
| 序号 | 登录号 | 条形码 | 馆藏地/架位号 | 状态 | 备注 |
| 1 | 7851509 | 278515091 | 学院路分馆/ [索取号:P426.62-53/JY45] | 在馆 | |
| 2 | 7851510 | 278515108 | 学院路分馆/ [索取号:P426.62-53/JY45] | 在馆 |